UK Towns Quiz - Wiltshire - Statistics

General Stats
  • This quiz has been taken 305 times
    65 since last reset
  • The average score is 25 of 65
Answer Stats
Clue Population Town % Correct
S 204,326 Swindon
100%
S 47,690 Salisbury
96%
C 36,092 Chippenham
91%
W 18,016 Warminster
87%
D 19,472 Devizes
83%
M 8,833 Marlborough
83%
M 18,271 Melksham
83%
T 43,744 Trowbridge
83%
W 16,404 Westbury
78%
A 12,676 Amesbury
74%
C 19,732 Calne
74%
B 9,865 Bradford-on-Avon
70%
R 13,006 Royal Wootton Bassett
65%
T 10,692 Tidworth
61%
C 10,888 Corsham
57%
M 7,181 Malmesbury
52%
P 3,797 Pewsey
52%
W 4,305 Wilton
52%
L 5,390 Ludgershall
48%
T 2,270 Tisbury
48%
C 4,031 Cricklade
43%
W 7,285 Wroughton
43%
D 1,958 Dilton Marsh
39%
H 7,933 Highworth
39%
L 4,643 Lyneham
35%
B 4,921 Bulford
30%
D 5,717 Durrington
30%
L 2,733 Larkhill
30%
M 1,809 Market lavington
30%
S 1,860 Southwick
30%
B 3,972 Bowerhill
26%
B 1,171 Bratton
26%
D 2,953 Downton
26%
N 1,067 Netheravon
26%
P 3,194 Purton
26%
W 1,001 Westwood
26%
A 1,292 Atworth
22%
B 1,287 Box
22%
B 1,064 Bromham
22%
C 2,415 Colerne
22%
D 1,028 Derry Hill
22%
G 1,194 Great Bedwyn
22%
H 1,707 Holt
22%
M 2,807 Mere
22%
N 1,553 North Bradley
22%
O 4,011 Old Sarum
22%
P 1,544 Potterne
22%
R 2,863 Rudloe
22%
S 1,724 Shrewton
22%
W 1,737 Wanborough
22%
W 2,285 Whaddon
22%
W 1,364 Winsley
22%
A 1,687 Aldbourne
17%
A 1,426 Ashton Keynes
17%
B 1,095 Berryfield
17%
B 6,505 Broad Blunsdon
17%
B 1,320 Burbage
17%
R 1,540 Ramsbury
17%
R 2,443 Redlynch
17%
S 1,271 Sutton benger
17%
C 2,035 Chiseldon
13%
M 1,563 Middle Winterslow
13%
P 1,397 Perham Down
13%
S 1,395 Sherston
13%
L 1,333 Littleton
9%
No matching quizzes found
Score Distribution
Percent of People with Each Score
Percentile by Number Answered
Your Score History
You have not taken this quiz since the last reset